Βορειοελλαδίτες έμποροι στο τέλος της τουρκοκρατίας : ο Σταύρος Ιωάννου

Αποθηκεύτηκε σε:
Λεπτομέρειες βιβλιογραφικής εγγραφής
Κύριος συγγραφέας: Ιγγλέση, Αγγελική
Μορφή: Βιβλίο
Γλώσσα:Greek
Δημοσίευση: Αθήνα : Ιστορικό Αρχείο - Πολιτιστική Συμβολή της Εμπορικής Τράπεζας της Ελλάδος, 2004
Θέματα:
Ετικέτες: Προσθήκη ετικέτας
Δεν υπάρχουν, Καταχωρήστε ετικέτα πρώτοι!

MARC

LEADER 00000cam a2200000 i 4500
001 1/80272
008 050708s2004 gre d
020 |a 960-87940-1-3 
035 |l 10078983 
040 |a GR-MY-UA  |b gre  |e aacr 
041 0 |a gre 
082 0 |a 380.109495  |2 (22) 
100 1 |a Ιγγλέση, Αγγελική. 
245 1 0 |a Βορειοελλαδίτες έμποροι στο τέλος της τουρκοκρατίας :  |b ο Σταύρος Ιωάννου /  |c Αγγελική Ιγγλέση 
260 |a Αθήνα :   |b Ιστορικό Αρχείο - Πολιτιστική Συμβολή της Εμπορικής Τράπεζας της Ελλάδος,   |c 2004 
300 |a xviii, 291 σ.;  |b εικ., χάρτ., πίν.;  |c 23 εκ. 
504 |a Περιέχει βιβλιογραφία (σ. viiii-xviii) και ευρετήρια 
600 1 7 |2 nlgaf  |a Ιωάννου, Σταύρος,   |d θ. 1823. 
651 0 |a Europe, Central  |x Commerce  |x History  |y 18th century. 
651 0 |a Balkan Peninsula  |x Commerce  |x History  |y 18th century. 
852 |a INST  |b LESVOS  |e 20050708  |h 380.109495 ΙΓΓ  |p 005100032052  |q 005100032052  |t BK  |y 0 
901 |a BIBL1-2005-2 
909 |a Λ  |b 121096 
920 |a ΕΠΕΑΕΚ ΚΟΙΝΩΝΙΚΗΣ ΑΝΘΡΩΠΟΛΟΓΙΑΣ ΚΑΙ ΙΣΤΟΡΙΑΣ  |y ΛΕΣΒΟΣ  |z 2005-04 
970 |a ΚΑΡΑ  |b ΓΙΑΣΕΜΗ  |z 2005/07/08